Web Page Authoring : (Record no. 10088)

MARC details
000 -LEADER
fixed length control field 00266nam a22001097a 4500
008 - FIXED-LENGTH DATA ELEMENTS--GENERAL INFORMATION
fixed length control field 241121b |||||||| |||| 00| 0 eng d
100 ## - MAIN ENTRY--PERSONAL NAME
Personal name NIIT
245 ## - TITLE STATEMENT
Title Web Page Authoring :
Remainder of title Student Guide
260 ## - PUBLICATION, DISTRIBUTION, ETC.
Place of publication, distribution, etc. India :
Name of publisher, distributor, etc. NIIT Limited,
300 ## - PHYSICAL DESCRIPTION
Dimensions 24 Cm.
942 ## - Added entry Elements (Koha)
Source of classification or shelving scheme Dewey Decimal Classification
Holdings
Withdrawn status Lost status Source of classification or shelving scheme Damaged status Not for loan Collection code Home library Current library Shelving location Date acquired Serial Enumeration / chronology Total Checkouts Full call number Barcode Date last seen Price effective from Koha item type Public note
    Dewey Decimal Classification     Main TEST RTC Library RTC Library Main opac 21/11/2024 18999   005.1 NIT 30020115 21/11/2024 21/11/2024 Main Donated by Sir Suchi
Royal Thimphu College || All Right Reserved